000 00369pab a2200145 454500
008 180718b1987 xxu||||| |||| 00| 0 eng d
100 _aMahanti, P.C.
245 _aIndia's steel industry
_bConsolidating obsolescence
260 _c1987
300 _a8-11,21
362 _a17 Jan.
650 _aSteel Industry and Trade - India
773 _aCommerce
909 _a18536
999 _c18536
_d18536